000
00263nam a2200121Ia 4500
005
20251222154307.0
008
251222s9999||||xx |||||||||||||| ||spa||
020
_a
84-7291-936-6
082
_a
938/J39
100
_a
Jenofonte
245
0
_a
AnĂ¡basis
942
_c
LIB
999
_c
33264
_d
33264